Good news from outer space / (Запис № 502403)

МАРК-запис
000 -LEADER
fixed length control field 01255pam a2200301 a 4500
001 - CONTROL NUMBER
control field goodnewsfromoute00kess
003 - CONTROL NUMBER IDENTIFIER
control field CaSfIA
005 - DATE AND TIME OF LATEST TRANSACTION
control field 20210118090539.0
007 - PHYSICAL DESCRIPTION FIXED FIELD--GENERAL INFORMATION
fixed length control field cr||||
008 - FIXED-LENGTH DATA ELEMENTS--GENERAL INFORMATION
fixed length control field 890608s1989 nyu 000 1 eng
035 ## - SYSTEM CONTROL NUMBER
-- (DLC) 89005108
010 ## - LIBRARY OF CONGRESS CONTROL NUMBER
LC control number 89005108
020 ## - INTERNATIONAL STANDARD BOOK NUMBER
International Standard Book Number 0312931786 :
Terms of availability $18.95
040 ## - CATALOGING SOURCE
Original cataloging agency DLC
Transcribing agency DLC
Modifying agency DLC
-- CaSfIA
050 00 - LIBRARY OF CONGRESS CALL NUMBER
Classification number PS3561.E6675
Item number G6 1989
082 00 - DEWEY DECIMAL CLASSIFICATION NUMBER
Classification number 813/.54
Edition number 20
100 1# - MAIN ENTRY--PERSONAL NAME
Personal name Kessel, John.
245 10 - TITLE STATEMENT
Title Good news from outer space /
Medium [electronic resource]
Statement of responsibility, etc by John Kessel.
250 ## - EDITION STATEMENT
Edition statement 1st ed.
260 ## - PUBLICATION, DISTRIBUTION, ETC. (IMPRINT)
Place of publication, distribution, etc New York :
Name of publisher, distributor, etc T. Doherty Associates,
Date of publication, distribution, etc 1989.
300 ## - PHYSICAL DESCRIPTION
Extent 402 p. ;
Dimensions 22 cm.
500 ## - GENERAL NOTE
General note "A TOR book"--T.p. verso.
506 ## - RESTRICTIONS ON ACCESS NOTE
Standardized terminology for access restriction Необхідна авторизація на https://archive.org/ (створення облікового запису безкоштовно)
506 ## - RESTRICTIONS ON ACCESS NOTE
Standardized terminology for access restriction Необхідна авторизація на https://openlibrary.org/ (створення облікового запису безкоштовно)
856 41 - ELECTRONIC LOCATION AND ACCESS
Uniform Resource Identifier <a href="http://www.archive.org/details/goodnewsfromoute00kess">http://www.archive.org/details/goodnewsfromoute00kess</a>
Public note Free eBook from the Internet Archive
856 42 - ELECTRONIC LOCATION AND ACCESS
Uniform Resource Identifier <a href="http://www.openlibrary.org/books/OL2187013M">http://www.openlibrary.org/books/OL2187013M</a>
Public note Additional information and access via Open Library
942 ## - ADDED ENTRY ELEMENTS (KOHA)
Koha item type ЕКнига

Немає доступних примірників.